| 000 | 00865cam a2200241 4500 | ||
|---|---|---|---|
| 001 | ##L135901 | ||
| 008 | 061215n2006 000 0 eng u | ||
| 020 |
_a1904829481 _a9781904829485 |
||
| 035 | _a(Sirsi) u135901 | ||
| 041 | 0 | _aeng | |
| 050 | 0 | 4 | _a692.5 $2 18 |
| 110 | 2 |
_aBuilding Cost Information Service _91096 |
|
| 245 | 0 | 0 |
_aGuide to daywork rates _bcalculations of standard hourly base rates for the major trades in England, Scotland and Wales |
| 250 | _a21st ed. | ||
| 260 |
_aLondon _bBCIS _c2006 |
||
| 300 |
_a78p. _c30cm. |
||
| 520 | _a2007 guide to daywork rates which gives model calculations of standard hourly base rates, including all 2006 wage awards. Includes rates from 1997 to date. | ||
| 590 | _aKA | ||
| 650 | 2 | 4 | _aBCIS GUIDE TO DAYWORK RATES |
| 651 | 4 | _aGREAT BRITAIN | |
| 690 | _aBUILT ENVIRONMENT-BUILDING COSTS | ||
| 942 | _n0 | ||
| 999 |
_c106227 _d106227 |
||